El Derecho Constitucional Mexicano

Bibliographic Details
Main Author: Meza Salazar, Martha Alicia
Format: eBook
Language:Spanish
Published: Mx̌ico D.F.: Ediciones Fiscales ISEF, 2015
Subjects:
Online Access:Acceso restringido

MARC

LEADER 00000nam a22000007a 4500
005 2015032300370.0
007 cr|||| ||||
008 150323s2015 mx |||||s|||| 00||0 spa d
020 |a 978-368-726-874-1 
035 |a 12629 
040 |a vLex 
090 |c 5380  |d 5380 
100 1 |a Meza Salazar, Martha Alicia 
245 1 3 |a El Derecho Constitucional Mexicano  |h [Recurso electrn̤ico] /  |c Martha Alicia Meza Salazar  
256 |a Servicio en ln̕ea 
260 |a Mx̌ico D.F.:  |b Ediciones Fiscales ISEF,  |c 2015 
650 0 4 |a Derecho constitucional  |z Mx̌ico 
740 0 |a vLex Libros (Servicio en ln̕ea) 
856 4 0 |u http://vlex.com/source/derecho-constitucional-mexicano-12629  |z Acceso restringido 
942 |c BOOK 
999 0 |a Constitutional law